Nachbarländer der EU - Statistiken

Allgemein
  • Dieses Quiz wurde 51 mal gespielt
    22 seit der letzten Aktualisierung
  • Das Durchschnittsergebnis liegt bei 16 aus 21
Antwortstatistiken
🇪🇺 Land % Korrekt
🇫🇷🇪🇸 Andorra
95%
🇩🇪🇫🇷🇮🇹🇦🇹 Schweiz
95%
🇫🇷 Monaco
90%
🇫🇮🇸🇪 Norwegen
90%
🇱🇻🇱🇹🇵🇱 Belarus
85%
🇮🇹 San Marino
85%
🇧🇬🇬🇷 Türkei
85%
🇮🇹 Vatikanstadt
85%
🇮🇪🇪🇸 Vereinigtes Königreich
85%
🇬🇷 Albanien
80%
🇦🇹 Liechtenstein
80%
🇧🇬🇬🇷 Nordmazedonien
80%
🇧🇬🇭🇷🇷🇴🇭🇺 Serbien
80%
🇭🇷 Bosnien und Herzegowina
75%
🇷🇴 Moldawien
75%
🇪🇪🇫🇮🇱🇻🇱🇹🇵🇱 Russland
75%
🇵🇱🇷🇴🇸🇰🇭🇺 Ukraine
75%
🇭🇷 Montenegro
65%
🇪🇸 Marokko
60%
🇫🇷 Brasilien
55%
🇫🇷 Suriname
45%
Keine übereinstimmenden Quizze gefunden
Verteilung der Resultate
Anzahl Personen mit jedem Resultat
Perzentil nach korrekt beantworteten Fragen
Ihre Resultats-Entwicklung
Sie haben dieses Quiz seit der letzten Aktualisierung nicht gespielt